| 000 | 00627nam a2200205Ia 4500 | ||
|---|---|---|---|
| 999 |
_c9713 _d9713 |
||
| 003 | OSt | ||
| 005 | 20191231114715.0 | ||
| 008 | 190216s9999||||xx |||||||||||||| ||und|| | ||
| 020 | _a0070990778 | ||
| 040 | _coclc | ||
| 082 |
_a330 _bSAL/T |
||
| 100 |
_aSalvatore, Dominick _9459 |
||
| 245 | 0 |
_a Theory And Problems Of Principles Of Economics / _cDominick Salvatore ; Eugene A Diulio |
|
| 250 | _a1st ed. | ||
| 260 |
_bMcgraw-Hill International Edition, _c1983. _aSingapore: |
||
| 300 | _a314p | ||
| 650 | _aEconomics | ||
| 700 | 1 |
_9949 _aDiulio, Eugene A. |
|
| 942 |
_cBK _2ddc _h330 _iSAL/T _k330 _mSAL/T |
||